| 000 | 00468nam a22001577a 4500 | ||
|---|---|---|---|
| 020 | _a9780070702622 | ||
| 040 | _cNUST | ||
| 082 |
_a621.367 _bGON |
||
| 100 |
_aRafael C. Gonzalez, Richard E. Woods _9124071 |
||
| 110 |
_aSteven L. Eddins _9124072 |
||
| 245 | _aDigital Image Processing Using MATLAB | ||
| 250 | _aSecond Edition | ||
| 260 |
_aNew Delhi: _bMcGraw Hill Education, _c2015. |
||
| 650 |
_aDigital Image Processing Using MATLAB _9112195 |
||
| 942 |
_2ddc _cBK |
||
| 999 |
_c610035 _d610035 |
||